000 00937cam a22002174a 4500
005 20250605164227.0
008 250528s ||||||||||||||||||||||||d
035 _a20896
020 _a9789604680856
040 _aGR-AtMCL
_bgre
_dGR-AtMCL
_eAACR2
245 1 _aΠιρουνάκης & Κουταλίτσα / Ανακαλύπτουμε τα Λαχανικά
250 _a
260 _c2015
300 _a64
520 _aΟ Πιρουνάκης και η Κουταλίτσα είναι δύο ζωηρά αδερφάκια, που τα πήρε η μαμά στο μικρό της Ορέστη, για να τρώει το φαγητό του. Όπως όλα τα παιδάκια, έτσι και αυτά έχουν μια τρελή περιπέτεια...
700 1 _aΘεοφανοπούλου Σίσσυ
_96885
700 1 _aΜιχάλη Σιδέρη
_96268
942 _cBK
999 _c5975
_d5975